Maailmankartta ilman 12 valtiota #2 - Statistics

Yleistilastot
  • Tätä visaa on pelattu 3 477 kertaa
  • Keskiarvotulos 9 / 12
Vastaukset kartalla
Vastauksille on annettu kartalla punavihreä väri sen mukaan, kuinka moni on saanut sen oikein.
 
Vastaustilastot
Valtio % Oikein
Australia
97%
Panama
88%
Pohjois-Korea
87%
Portugali
87%
Marokko
80%
Kreikka
79%
Georgia
68%
Armenia
67%
Islanti
67%
Kuuba
66%
Vietnam
64%
Malesia
61%
Ehtoja vastaavia visoja ei löytynyt
Tulosjakauma
Jokaisen tuloksen saaneiden osuus
Persentiili vastausten määrän mukaan
Tuloshistoriasi
Et ole pelannut tätä visaa